Odpisovanie – vybrané zmeny účinné po 1. januári 2020

Zmeny v odpisoch hmotného a nehmotného majetku novelou zákona o dani z príjmov s účinnosťou od 1. januára 2020 a 1. januára 2021.

Gespeichert in:
Bibliographische Detailangaben
1. Verfasser: Vašeková, Miroslava, 1978-
Weitere Verfasser: Mateášová, Martina, 1979-
Format: Buchkapitel
Sprache:Slowakisch
Schlagworte:
Tags: Tag hinzufügen
Keine Tags, Fügen Sie das erste Tag hinzu!

MARC

LEADER 00000naa a2200000 4500
001 0271275
005 20240502074250.6
041 0 |a slo 
044 |a SK 
245 1 0 |a Odpisovanie – vybrané zmeny účinné po 1. januári 2020 
520 |a Zmeny v odpisoch hmotného a nehmotného majetku novelou zákona o dani z príjmov s účinnosťou od 1. januára 2020 a 1. januára 2021. 
610 2 0 |a účtovníctvo 
610 2 0 |a právo daňové 
610 2 0 |a zákony 
610 2 0 |a novelizácia 
610 2 0 |a odpisy 
610 2 0 |a majetok hmotný 
610 2 0 |a majetok nehmotný 
610 2 0 |a dane z príjmov 
100 1 |a Vašeková, Miroslava, 1978- 
700 1 |a Mateášová, Martina, 1979-